[Event "19. Obert Int. Sant Marti 2017 - B"]
[Site "Barcelona ESP"]
[Date "2017.07.21"]
[Round "9.59"]
[White "Martin Arranz, Lluis"]
[Black "Landsverk, Ida"]
[Result "1-0"]
[WhiteElo "1669"]
[BlackElo "1439"]
[PlyCount "129"]
[EventDate "2017.07.13"]
[EventType "swiss"]
[EventRounds "9"]
[EventCountry "ESP"]
[SourceTitle "Ajedrez en Madrid"]
[Source "lmi"]
[SourceDate "2017.07.13"]
[SourceVersion "1"]
[SourceVersionDate "2019.06.21"]
[SourceQuality "1"]

1. e4 c5 2. Nf3 d6 3. d4 cxd4 4. Nxd4 Nf6 5. Nc3 a6 6. Be3 e5 7. Nb3 Be7 8. f3
Be6 9. Qd2 O-O 10. O-O-O a5 11. Kb1 a4 12. Nc1 a3 13. b3 Nbd7 14. g4 Qb8 15. h4
b5 16. Bxb5 Rc8 17. Bxd7 Nxd7 18. Nd5 Bxd5 19. exd5 Nb6 20. Bxb6 Qxb6 21. Nd3
Qd4 22. c4 Rcb8 23. Nc1 Qxc4 24. Qd3 Qxd3+ 25. Rxd3 Ra5 26. Ne2 h6 27. Ng3 Rbb5
28. Nf5 Bf8 29. Rhd1 Rb4 30. Rc3 g6 31. Ne3 e4 32. Nc4 Rc5 33. fxe4 Bg7 34. Rc2
Bf6 35. h5 g5 36. Nxd6 Rxc2 37. Kxc2 Be7 38. Nc4 Rb8 39. d6 Bd8 40. e5 Kf8 41.
Nxa3 f5 42. gxf5 Rc8+ 43. Nc4 Rc5 44. e6 Rxf5 45. e7+ Bxe7 46. dxe7+ Kxe7 47.
a4 g4 48. Rg1 Rg5 49. a5 Kd7 50. b4 Kc6 51. Kb3 Kb5 52. Nd6+ Kc6 53. Nf7 Rxh5
54. Rxg4 Kb5 55. Nd6+ Kc6 56. Rg6 Rh3+ 57. Ka4 h5 58. Nf5+ Kd5 59. Kb5 h4 60.
a6 Rh1 61. a7 Ra1 62. Ra6 Rxa6 63. Kxa6 h3 64. a8=Q+ Kc4 65. b5 1-0

[Event "19. Obert Int. Sant Marti 2017 - B"]
[Site "Barcelona ESP"]
[Date "2017.07.21"]
[Round "9.60"]
[White "Bermejo Cuadra, Roberto"]
[Black "Torres Martinez, Jordi"]
[Result "0-1"]
[WhiteElo "1312"]
[BlackElo "1634"]
[PlyCount "82"]
[EventDate "2017.07.13"]
[EventType "swiss"]
[EventRounds "9"]
[EventCountry "ESP"]
[SourceTitle "Ajedrez en Madrid"]
[Source "lmi"]
[SourceDate "2017.07.13"]
[SourceVersion "1"]
[SourceVersionDate "2019.06.21"]
[SourceQuality "1"]

1. e4 e5 2. Nc3 Nc6 3. Nf3 Nf6 4. a3 Be7 5. Nd5 O-O 6. Nxe7+ Qxe7 7. d3 h6 8.
h3 d5 9. exd5 Nxd5 10. c4 Nf6 11. Be3 Bf5 12. g4 Bg6 13. g5 hxg5 14. Bxg5 e4
15. dxe4 Qxe4+ 16. Be3 Bh5 17. Bg2 Ne5 18. Qd4 Bxf3 19. Qxe4 Nxe4 20. Bxf3
Nxf3+ 21. Ke2 Ne5 22. f3 Ng3+ 23. Kf2 Nxh1+ 24. Rxh1 Nxc4 25. Bd4 f6 26. Rc1 b5
27. b3 Nxa3 28. Bc5 Rfd8 29. Bxa3 Rac8 30. Bc5 a5 31. Ra1 Ra8 32. Re1 a4 33.
bxa4 bxa4 34. Ba3 Rd3 35. Ra1 Rb8 36. Bc5 Ra8 37. h4 a3 38. Ke2 Rc3 39. Bb4 Rb3
40. Bc5 a2 41. Bd4 Rb1 0-1

[Event "19. Obert Int. Sant Marti 2017 - B"]
[Site "Barcelona ESP"]
[Date "2017.07.21"]
[Round "9.61"]
[White "Ylla Soro, Rafael"]
[Black "Minko, Uliana"]
[Result "1-0"]
[WhiteElo "1612"]
[BlackElo "1293"]
[PlyCount "49"]
[EventDate "2017.07.13"]
[EventType "swiss"]
[EventRounds "9"]
[EventCountry "ESP"]
[SourceTitle "Ajedrez en Madrid"]
[Source "lmi"]
[SourceDate "2017.07.13"]
[SourceVersion "1"]
[SourceVersionDate "2019.06.21"]
[SourceQuality "1"]

1. e4 e6 2. b3 d5 3. Bb2 c5 4. exd5 exd5 5. h3 Nf6 6. Nf3 Bd6 7. Be2 Bd7 8. O-O
O-O 9. d4 b6 10. c4 Bc6 11. Nbd2 Nbd7 12. cxd5 Bxd5 13. Nc4 Be7 14. Nce5 Re8
15. Bb5 a6 16. Bc6 Bxc6 17. Nxc6 Qc7 18. Nxe7+ Rxe7 19. dxc5 Qxc5 20. Rc1 Qf5
21. Nd4 Qg6 22. Nc6 Re6 23. Nd4 Rd6 24. Qf3 Ne5 25. Qxa8+ 1-0

[Event "19. Obert Int. Sant Marti 2017 - B"]
[Site "Barcelona ESP"]
[Date "2017.07.21"]
[Round "9.62"]
[White "Rodriguez Batuecas, Jordi"]
[Black "Minko, Aleksandr"]
[Result "1-0"]
[WhiteElo "1551"]
[BlackElo "1275"]
[PlyCount "87"]
[EventDate "2017.07.13"]
[EventType "swiss"]
[EventRounds "9"]
[EventCountry "ESP"]
[SourceTitle "Ajedrez en Madrid"]
[Source "lmi"]
[SourceDate "2017.07.13"]
[SourceVersion "1"]
[SourceVersionDate "2019.06.21"]
[SourceQuality "1"]

1. e4 c5 2. Nf3 Nc6 3. Bb5 a6 4. Bxc6 dxc6 5. O-O Nf6 6. d3 Bg4 7. Be3 e6 8.
Nbd2 Be7 9. Nc4 Nd7 10. h3 Bh5 11. Bf4 O-O 12. c3 b5 13. Ne3 Nb6 14. b3 f5 15.
exf5 exf5 16. Re1 Bf6 17. Rc1 Qd7 18. c4 b4 19. Nc2 Rad8 20. Be5 Bxe5 21. Nxe5
Bxd1 22. Nxd7 Rxd7 23. Rcxd1 Rfd8 24. Re5 Rxd3 25. Rxd3 Rxd3 26. Rxc5 Rc3 27.
Nxb4 a5 28. Rxa5 Nxc4 29. Rc5 Rc1+ 30. Kh2 Ra1 31. Rxc4 Rf1 32. f3 c5 33. Rxc5
h5 34. a4 g5 35. Rxf5 Rb1 36. Rxg5+ Kh7 37. Rxh5+ Kg6 38. Rb5 Rxb3 39. a5 Kf6
40. a6 Ke7 41. a7 Rxb4 42. Rxb4 Kd7 43. a8=Q Kc7 44. Qa6 1-0

[Event "19. Obert Int. Sant Marti 2017 - B"]
[Site "Barcelona ESP"]
[Date "2017.07.21"]
[Round "9.64"]
[White "Jimenez Rimblas, Raul"]
[Black "Hernandez Mediavilla, Juan Jose"]
[Result "1-0"]
[WhiteElo "1437"]
[BlackElo "1312"]
[PlyCount "145"]
[EventDate "2017.07.13"]
[EventType "swiss"]
[EventRounds "9"]
[EventCountry "ESP"]
[SourceTitle "Ajedrez en Madrid"]
[Source "lmi"]
[SourceDate "2017.07.13"]
[SourceVersion "1"]
[SourceVersionDate "2019.06.21"]
[SourceQuality "1"]

1. e4 c6 2. Nc3 d6 3. Nf3 Bg4 4. h3 Bh5 5. Be2 Bxf3 6. Bxf3 Nf6 7. d4 Nbd7 8.
O-O g6 9. e5 dxe5 10. dxe5 Nxe5 11. Re1 Qxd1 12. Bxd1 Ned7 13. Bf3 e6 14. Bf4
Bg7 15. Rad1 O-O 16. g4 Nb6 17. h4 Nfd5 18. Nxd5 Nxd5 19. Be5 Bxe5 20. Rxe5
Rad8 21. h5 Ne7 22. hxg6 Rxd1+ 23. Bxd1 hxg6 24. f4 Rd8 25. Bf3 Kg7 26. Re1 Rd4
27. Re4 Rd2 28. Re2 Rxe2 29. Bxe2 Nd5 30. f5 gxf5 31. gxf5 exf5 32. c3 Kf6 33.
Kf2 Ke5 34. Kf3 f6 35. Bd3 c5 36. a3 b6 37. Be2 Nf4 38. Bc4 Nh3 39. b4 Ng5+ 40.
Ke3 f4+ 41. Ke2 Nh3 42. bxc5 bxc5 43. a4 Kf5 44. Bd3+ Kg4 45. Be4 Kg3 46. Bf5
Ng5 47. Kd3 f3 48. Kc4 f2 49. Bd3 Ne6 50. Kb5 Kg2 51. Ka6 f1=Q 52. Bxf1+ Kxf1
53. Kxa7 Ke2 54. Kb6 c4 55. a5 Kd3 56. a6 Kxc3 57. a7 Kb4 58. a8=Q Nd4 59. Qd5
Kc3 60. Qa5+ Kd3 61. Qa3+ c3 62. Kc5 Ne2 63. Qa6+ Kd2 64. Qd6+ Kc2 65. Qxf6 Nc1
66. Kc4 Na2 67. Qf2+ Kb1 68. Kb3 Nc1+ 69. Kxc3 Na2+ 70. Kd2 Kb2 71. Kd3+ Ka3
72. Kc4 Nb4 73. Qc5 1-0

[Event "19. Obert Int. Sant Marti 2017 - B"]
[Site "Barcelona ESP"]
[Date "2017.07.21"]
[Round "9.65"]
[White "Pinyol I Llora, Julia"]
[Black "Climent Vidal, Pere"]
[Result "1-0"]
[WhiteElo "1130"]
[BlackElo "1530"]
[PlyCount "90"]
[EventDate "2017.07.13"]
[EventType "swiss"]
[EventRounds "9"]
[EventCountry "ESP"]
[SourceTitle "Ajedrez en Madrid"]
[Source "lmi"]
[SourceDate "2017.07.13"]
[SourceVersion "1"]
[SourceVersionDate "2019.06.21"]
[SourceQuality "1"]

1. e4 e6 2. d4 d5 3. e5 c5 4. c3 Qb6 5. Nf3 Nc6 6. a3 Nge7 7. b4 c4 8. Be2 Ng6
9. O-O Be7 10. Qc2 Bd7 11. Bg5 Qd8 12. Bxe7 Ncxe7 13. Nbd2 O-O 14. Rfe1 a5 15.
Nf1 a4 16. Ng3 Nf5 17. Nxf5 exf5 18. Rab1 b5 19. Qd2 Be6 20. Qg5 Qe8 21. Bd1 h6
22. Qg3 Qe7 23. h3 f4 24. Qh2 Rae8 25. h4 Bg4 26. h5 Bxf3 27. Bxf3 Nh4 28. Qxf4
Nxf3+ 29. Qxf3 Qd8 30. Qf5 Re6 31. Re3 Qe7 32. Rg3 g5 33. Re1 Kh8 34. f4 Rg8
35. Ree3 Qe8 36. fxg5 hxg5 37. Rxg5 Qf8 38. Reg3 Rxg5 39. Rxg5 Qh6 40. Qg4 Re8
41. Qd7 Rf8 42. Rf5 Qh7 43. g4 Rg8 44. Rxf7 Qb1+ 45. Rf1 Rf8 1-0

[Event "19. Obert Int. Sant Marti 2017 - B"]
[Site "Barcelona ESP"]
[Date "2017.07.21"]
[Round "9.68"]
[White "Orts Gonzalez, Rafael"]
[Black "Sanchez Rodriguez, Raul"]
[Result "0-1"]
[WhiteElo "1026"]
[BlackElo "1228"]
[PlyCount "54"]
[EventDate "2017.07.13"]
[EventType "swiss"]
[EventRounds "9"]
[EventCountry "ESP"]
[SourceTitle "Ajedrez en Madrid"]
[Source "lmi"]
[SourceDate "2017.07.13"]
[SourceVersion "1"]
[SourceVersionDate "2019.06.21"]
[SourceQuality "1"]

1. d4 d5 2. Bf4 Nc6 3. e3 Nf6 4. Bb5 Bd7 5. Be5 Nxe5 6. Bxd7+ Qxd7 7. dxe5 Ne4
8. Nf3 e6 9. O-O Be7 10. a4 f6 11. Qe2 O-O 12. Rd1 fxe5 13. c4 c6 14. Qc2 Ng5
15. Nxe5 Qd6 16. f4 Bf6 17. c5 Qc7 18. h4 Ne4 19. h5 Bxe5 20. fxe5 Qxe5 21. Rf1
Rxf1+ 22. Kxf1 Rf8+ 23. Kg1 Qxh5 24. Nd2 Ng3 25. Nf3 Qh1+ 26. Kf2 Qxa1 27. Kxg3
Rf6 0-1